| 000 | 00442nam a2200157Ia 4500 | ||
|---|---|---|---|
| 008 | 220204s9999 xx 000 0 und d | ||
| 082 |
_a631.416.9 _bAUB |
||
| 100 | _aAUBERT, Huguette | ||
| 245 | 0 | _aTrace elements in soils. | |
| 260 |
_aAmsterdam _bElsevier _c1977 |
||
| 490 | _aDevelopments in soil science; 7 | ||
| 505 | _aTr from the French by Zuckerman Cawrence | ||
| 650 | _aSoil trace elements | ||
| 700 | _aPINTA, M | ||
| 942 | _cBK | ||
| 999 |
_c27626 _d27626 |
||